Statistics for Gracie Abrams - 405 (Lyrics)

Click here to take the quiz!

General Stats

  • This quiz has been taken 39 times
  • The average score is 271 of 280

Answer Stats

Answer% Correct
405
100%
a
100%
an
100%
And
100%
and
100%
It's
100%
It's
100%
drove
100%
even
100%
half
100%
hour
100%
hundred
100%
I
100%
I,
100%
it?
100%
it
100%
It's
100%
it's
100%
like
100%
like,
100%
me,
100%
me
100%
miles
100%
of
100%
that
100%
the
100%
to
100%
took
100%
You
100%
you
100%
you,
100%
all
96%
All
96%
around
96%
back
96%
could
96%
down
96%
down,
96%
fact
96%
forget
96%
go
96%
hate
96%
I'm
96%
I'm,
96%
let
96%
light
96%
miss
96%
needed
96%
so
96%
through
96%
traffic
96%
try
96%
almost
93%
at
93%
away
93%
crying
93%
didn't
93%
easy?
93%
forgot
93%
hell
93%
hide
93%
how
93%
how'd
93%
If
93%
leave
93%
look
93%
my
93%
night
93%
overnight,
93%
speaking
93%
Tell
93%
think
93%
walk
93%
we
93%
were
93%
when
93%
why,
93%
won't
93%
would
93%
your
93%
appetite
89%
barely
89%
blew
89%
cut
89%
embarrassing,
89%
family
89%
getting
89%
hair
89%
head
89%
last
89%
mind?
89%
Please,
89%
regret
89%
slipped
89%
tonight,
89%
while
89%
while,
89%
'cause
85%
'Cause
85%
consumed,
85%
harder
85%
know
85%
lost
85%
now,
85%
now
85%
recognize
85%
You've
85%
nights,
81%
unrequited
78%

Score Distribution

Percentile by Number Answered

Percent of People with Each Score

Your Score History

You have not taken this quiz